000 004440000a22001930004500
005 20120302052705.0
942 _cBOOK
100 _a Pereira, Duarte Pancheco
245 _a Esmeraldo De Situ Orbis
260 _aLondon:
_bHakluyt,
_c1937
300 _axxxv,191p
490 _aSecond Series
040 _aENG
365 _bRs.
650 _aEsmeraldo
650 _aProrinces-Africa
650 _aAncient-Cosmography
650 _aBranco
999 _c340812
_d340809